Sustainable residential interiors
Sustainable Residential Interiors takes readers through an integrated design process, showing how sustainable principles and practices can be applied on virtually every level of interior design. Taking a practical, hands-on approach, this accessible and easy-to-understand resource guide includes: Vi...
Na minha lista:
| Autor principal: | |
|---|---|
| Formato: | Livro |
| Idioma: | Undetermined |
| Publicado em: |
Hoboken, N.J.
John Wiley & Sons
2007
|
| Assuntos: | |
| Tags: |
Adicionar Tag
Sem tags, seja o primeiro a adicionar uma tag!
|
| Thư viện lưu trữ: | Trung tâm Học liệu Trường Đại học Cần Thơ |
|---|
| LEADER | 01405nam a2200229Ia 4500 | ||
|---|---|---|---|
| 001 | CTU_124242 | ||
| 008 | 210402s9999 xx 000 0 und d | ||
| 020 | |c 1119000 | ||
| 082 | |a 728.047 | ||
| 082 | |b F755 | ||
| 100 | |a Foster, Kari | ||
| 245 | 0 | |a Sustainable residential interiors | |
| 245 | 0 | |c Kari Foster, Annette Stelmack, Debbie Hindman | |
| 260 | |a Hoboken, N.J. | ||
| 260 | |b John Wiley & Sons | ||
| 260 | |c 2007 | ||
| 520 | |a Sustainable Residential Interiors takes readers through an integrated design process, showing how sustainable principles and practices can be applied on virtually every level of interior design. Taking a practical, hands-on approach, this accessible and easy-to-understand resource guide includes: Visual examples of sustainable projects and applications; Critical thinking about environmental issues within homes; Guidelines for clients and project teams; Helpful checklists for greening projects and specification; In-depth information to promote understanding and assist in specifying interior finishes and furnishings; Questions for manufacturers and vendors; Effective methods of marketing sustainable design services. | ||
| 650 | |a Ecological houses,Sustainable engineering,Interior architecture | ||
| 650 | |x Design and construction | ||
| 650 | |z United States,United States | ||
| 904 | |i Minh | ||
| 980 | |a Trung tâm Học liệu Trường Đại học Cần Thơ | ||